The Rani Of Jhansi: (Record no. 203120)

MARC details
000 -LEADER
fixed length control field 00619nam a22001937a 4500
005 - DATE AND TIME OF LATEST TRANSACTION
control field 20240701145053.0
010 ## - LCCN (DPL NO)
LC control number ENG-140445
020 ## - INTERNATIONAL STANDARD BOOK NUMBER
International Standard Book Number 9781107042803
Terms of availability 750.00
035 ## - SYSTEM CONTROL NUMBER
System control number EN-123977
037 ## - SOURCE OF ACQUISITION
Source of stock number/acquisition DBAD
082 ## - DEWEY DECIMAL CLASSIFICATION NUMBER
Classification number 954.0317
100 ## - MAIN ENTRY--PERSONAL NAME
Personal name Sing, Harleen
245 ## - TITLE STATEMENT
Title The Rani Of Jhansi:
Remainder of title Gender, History and Fable in India/
Statement of responsibility, etc by Harleen Sing
260 ## - PUBLICATION, DISTRIBUTION, ETC. (IMPRINT)
Place of publication, distribution, etc Delhi
Name of publisher, distributor, etc Cambridge University Press
Date of publication, distribution, etc 2014
270 ## - ADDRESS
Address Cambridge House, 4381/4 Ansari Road, Daryaganj
City Delhi
Postal code 110002
300 ## - PHYSICAL DESCRIPTION
Extent xi,189 p.
Dimensions 23cm, (hb}
700 ## - ADDED ENTRY--PERSONAL NAME
Personal name Sing, Harleen
9 (RLIN) 66297
942 ## - ADDED ENTRY ELEMENTS (KOHA)
Source of classification or shelving scheme Dewey Decimal Classification
Item type English Books
Classification part 954.0317
Call number suffix SIN
Holdings
Withdrawn status Lost status Not for loan Collection code Home library Current library Date acquired Source of acquisition Cost, normal purchase price Full call number Barcode Copy number Cost, replacement price Koha item type
      Non-fiction Central Jail Tihar Central Jail Tihar 21/05/2024 DBAD 750.00 954.0317 SIN EN-123977 1 750.00 English Books

© Delhi Public Library
Hit Counter
free hit counter